00642nam a22002177a 45000030003000000050017000030080002000200100013000220200023000350350023000580370016000810400015000970820015001122450093001272600051002202700055002713000021003266500036003476500019003837000022004020020180716110431.00 aB-094493 c900.00a8175241446 aB-094493, B-094494 bCen Lib/Ret aDPLbENc0 a550.3bAZI aA-Z illustrated encyclopaedia of earth science /cedited and compiled by Priyanka Narang aNew DelhibKSK Publishers & Distributorsc2003 bNew Delhia4264/3, Ansari Road, Darya Ganje110002 a472p. c22cm(Hb) aEarth sciences -- Encyclopedias aEarth sciences aNarang, Priyanka